| 000 | 02095cam a22002535a 4500 | ||
|---|---|---|---|
| 001 | L152700 | ||
| 008 | 110413s2011 xxk f 000 0 eng d | ||
| 020 | _a9780203895504 | ||
| 035 | _a(Sirsi) u152700 | ||
| 041 | 0 | _aeng | |
| 050 | 0 | 4 | _a690.028 |
| 100 | 1 | _aRyan, Carole | |
| 245 | 0 | 0 |
_aTraditional construction for a sustainable future _h[electronic resource] |
| 260 |
_bSpon (E&F) _c2011 |
||
| 300 | _aeBook | ||
| 505 | 2 | _a1 The natural way of life and the traditional house, its inception and demise -- 2 Traditional building materials, their sustainability, and the contrast with modern materials -- 3 Traditional sustainable building construction - ancient and modern -- 4 Thermal performance and the breathing wall -- 5 Climate, site, and thermal performance -- 6 The role of the Building Regulations in the sustainability of traditional building construction -- 7 The pathology of traditional buildings | |
| 520 | _aThis eBook includes a detailed scientific description of traditional building materials and their constituents which draws a sharp contrast with modern petrochemical-based materials. The studies of traditional buildings included reveal the sustainability of features such as natural ventilation and breathing walls, and comparisons with modern construction methods show how they could prevent 'sick building syndrome'. The author argues that maintenance for long life, by contrast with the modern concept of life-cycle costing, is at the nub of sustainability and underlies the contribution traditional building construction can make to tackling climate change. Over 250 original photos, and over fifty bespoke diagrams illustrate the features, techniques, and characteristics of traditional construction that could make such a valuable contribution to the industry today. | ||
| 590 | _aKA NTK | ||
| 650 | 2 | 4 | _aEBOOK |
| 651 | 4 |
_aUnited Kingdom _y |
|
| 690 | _aBUILT ENVIRONMENT-BUILDING TYPES-ANCIENT MONUMENTS AND HISTORIC BUILDINGS | ||
| 856 | 4 | 0 |
_uhttps://www.vlebooks.com/ _zView on VLEbooks. Logins for members only from [email protected] |
| 942 | _n0 | ||
| 999 |
_c112173 _d112173 |
||